000 00928pam a2200325 i 4500
999 _c75
_d75
001 021180898
003 UkOxU
005 20190725085642.0
008 180109s2018 enk j 000|1|eng d
015 _aGBB846210
_2bnb
016 7 _a018784534
_2Uk
020 _a9781406377170 (pbk.) :
035 _a(Uk)018784534
040 _aStDuBDS
_beng
_erda
_cStDuBDS
_dUk
042 _aukblcatcopy
082 0 4 _aFIC CUL
_223
100 1 _aCulbertson, Kim A.,
_eauthor.
245 1 4 _aThe wonder of us /
_cKim Culbertson.
264 1 _aLondon :
_bWalker Books and Subsidiaries,
_c2018.
300 _a373 pages ;
_c20 cm
336 _atext
_2rdacontent
337 _aunmediated
_2rdamedia
338 _avolume
_2rdacarrier
500 _aFormerly CIP.
_5Uk
530 _aAlso issued online.
655 0 _aYoung adult fiction.
776 0 8 _iebook version :
_z9781406384581
942 _2ddc
_cFIC